Quizzes
Events
Quiz Creation
Community
Videos
Private Events
Remove Ads
Sign In
Join for FREE
Feedback
Dark Mode
Quiz Categories
Sports
Geography
Music
Movies
Television
Just For Fun
Miscellaneous
History
Literature
Language
Science
Gaming
Entertainment
Religion
Holiday
For Kids
Quiz Lab
Recent
Popular Today
Quiz Kudos Today
Editor Picks
Curator Picks
Quizzes by...
Day
Popularity
Type
Ratings
Length
Year
Community
Subscriptions
Recent Discussions
Orange Saloon
Badges
Playlists
Quests
Create
Leaderboards
Showdown
Live 5
Trivia Bingo
Activity
Puzzle Library
Sporcle Events
Private Events
Virtual Trivia
Globe League
Become a Host
Pub Owners
SporcleCon
Opinionation
Our Games
Videos
Blog
Mobile Apps
Partnerships
Remove Ads and Go Orange
Feedback
Music
Pop Music
The Beatles
Song
Album
Lyrics
Bands
Singers
Artist
Clip
Rock
Rap
Classical
Billboard
Country Music
Kpop
Taylor Swift
Music
Pop Music
The Beatles
Song
Album
Lyrics
Bands
Singers
Artist
Clip
Rock
Rap
Classical
Billboard
Country Music
Kpop
Taylor Swift
Random Quiz
Search Sporcle
×
Quiz Lab
Quiz Lab
Music
Story
Type in answers that appear in a list
Type in answers that appear in a list
Classic
Best Score? Go Orange.
Tell Me A Story Lyrics Stats
Can you name the Tell Me A Story Lyrics?
By
bookishbrooke
5m
110 Questions
1 Play
1 Plays
1 Plays
Comments
Comments
Give Quiz Kudos
Give Quiz Kudos
-
- Ratings
hide this ad
More Info
Forced Order
Answers have to be entered in order
Answers have to be entered in order
Replay
Link that replays current quiz
Next Quiz
Link to next quiz in quiz playlist
You Got
0%
They Got
Avg Score
1%
Avg Friend Score
Upgrade to see
Score Distribution
Jump to the score distribution portion of the page
Score
0/110
Timer
05:00
0
Plays Today
Hint
Answer
% Correct
me
100%
a
100%
let
0%
tell
0%
you
0%
story
0%
about
0%
a
0%
girl
0%
she
0%
dosent
0%
like
0%
winter
0%
her
0%
hair
0%
is
0%
in
0%
curls
0%
what
0%
about
0%
this
0%
one
0%
with
0%
her
0%
head
0%
in
0%
a
0%
book
0%
if
0%
you
0%
ask
0%
her
0%
to
0%
listen
0%
she
0%
might
0%
give
0%
Hint
Answer
% Correct
you
0%
a
0%
look
0%
I
0%
am
0%
a
0%
sheet
0%
of
0%
paper
0%
give
0%
me
0%
some
0%
colored
0%
pens
0%
I
0%
dont
0%
mind
0%
if
0%
you
0%
go
0%
over
0%
the
0%
edges
0%
did
0%
you
0%
know
0%
we
0%
that
0%
all
0%
just
0%
love
0%
to
0%
play
0%
pretend
0%
take
0%
her
0%
to
0%
Hint
Answer
% Correct
friday
0%
just
0%
dont
0%
say
0%
goodbye
0%
watch
0%
how
0%
she
0%
dances
0%
with
0%
her
0%
hands
0%
to
0%
the
0%
sky
0%
ill
0%
tell
0%
you
0%
a
0%
secret
0%
one
0%
is
0%
never
0%
enough
0%
do
0%
you
0%
think
0%
you
0%
can
0%
tell
0%
me
0%
that
0%
im
0%
always
0%
in
0%
love
0%
Quiz Playlist
Details
Report
Send in Message
Add To Playlist
More Info:
Can you correctly guess the lyrics to Dodie's "Tell Me A Story"?
Classic:
Type in answers that appear in a list
Forced Order:
Answers have to be entered in order
Last Updated: Jun 14, 2017
Quiz Scoreboard
CHALLENGE
Sign Up to Join the Scoreboard
Show All
Scores
Hide
Comments
May contain spoilers
Recently Published
Movies - When Are They Set?
by FPL_Elf
Movies
5m
Popular People in 1961
by mucciniale
History
6m
1-10 Letter E Words III
by El_Dandy
Language
2m
More to Explore
Quiz From the Vault
Featured Blog Post
Where Did the Easter Bunny Come From?
hide this ad
You Might Also Like...
Tags
Story
Today's Top Quizzes in Music
Browse Music
hide this ad
Today's Top Quizzes in Story
Browse Story
Top Contributed Quizzes in Music
1
Taylor Swift All Songs (2024)
2
2010s Album by Cover III
3
One Thing in Common: Music
4
Taylor Swift Logic Puzzle
5
Guess the Artist- 70s Songs
6
2010s Album by Cover IV
7
Guess the Taylor Swift song (Mystery Song)
8
2010s Album by Cover V
9
Lana Del Rey Discography (BTD to DYKTTATUOB)
10
2010s Album by Cover VI
Explore More
Trending Topics
Harry Potter
Disney
Anime
Crossword
NBA
Marvel
Kpop
The Office
Puzzle
Song
Country
Soccer
NFL
WWE
Pokémon
hide this ad
More By:
bookishbrooke
Quiz
Plays
Rating
Category
Featured
Created
Cavetown This is Home lyrics
2,577
3.56
Entertainment
Nov 21, 2018
Alec Benjamin Water Fountian
1,860
4.00
Entertainment
Nov 18, 2018
Prom Queen Beach Bunny
824
2.75
Entertainment
May 5, 2019
Waiting Room Lyrics (Original)
498
5.00
Music
Feb 9, 2023
Twin Sized Mattress The Front Bottoms
422
5.00
Music
Dec 4, 2022
Go to Creator's Profile
Score Distribution
Quiz Creator Spotlight
bookishbrooke
Follow
Send a Message
Quizzes Created
-
Created Quiz Play Count
-
More By This Creator
Popular Quizzes Today
1
Find the US States - No Outlines Minefield
2
Find the Countries of Europe - No Outlines Minefield
3
The Countries of the World
4
Popular People in 1961
5
1-10 Letter E Words III
6
US States
7
Find the US States
8
One Thing in Common: World Cities II
More Music Quizzes
Band Members: Who Died First?
Editor's Pick
Trending Quizzes
Risky Map Clicking: Least Populous States A-Z
1-10 Letter F Words
1-10 Letter G Words
One Thing in Common: United Kingdom
Risky Map Clicking: Next State Alphabetically
Recently Updated
Leaping Animals
pecheneg
Reality TV Shows (A-Z)
bhenderson79
Rickey Henderson's Hall of Fame Teammates
pecheneg
Champions League XIs: Arsenal
pecheneg
Quick Pick: Celebrities in WWE's Hall of Fame
aduchscher
A-Z Keypad Blitz II
pecheneg
Multiple Oscar Actors
pecheneg
Mystery Phrase Blitz: Oscar 'Best Actors'
pecheneg
F. Scott Fitzgerald Novels
LTH
Pick 3 Villains
ddd62291
Trending Topics
NBA
Anime
Disney
Kpop
Crossword
Marvel
Harry Potter
Puzzle
Country
Pokémon
NFL
Soccer
WWE
Song
The Office
Your Account Isn't Verified!
In order to create a playlist on Sporcle, you need to verify the email address you used during registration. Go to your
Sporcle Settings
to finish the process.
Report this User
Report this user for behavior that violates our
Community Guidelines
.
Details:
Send Report
Go to the Sporcle.com Mobile Site →
Comments